| Tag |
First Indicator |
Second Indicator |
Subfields |
| LEADER |
00000cam a2200000 a 4500 |
| 001 |
in00000857921 |
| 005 |
20151019070318.0 |
| 008 |
850820s1984 dcu s f00000 eng d |
| 010 |
|
|
|a gp 85022761
|
| 035 |
|
|
|a (OCoLC)12400976
|
| 035 |
|
|
|9 AED3088AM
|
| 040 |
|
|
|a GPO
|c GPO
|d UtOrBLW
|
| 043 |
|
|
|a n-us---
|
| 074 |
|
|
|a 455-G-11
|
| 086 |
0 |
|
|a ED 1.322:F 49
|
| 245 |
0 |
0 |
|a NAEP findings at your fingertips.
|
| 264 |
|
1 |
|a [Washington, D.C.] :
|b U.S. Dept. of Education, National Institute of Education,
|c [1984]
|
| 300 |
|
|
|a 2 unnumbered leaves ;
|c 28 cm.
|
| 336 |
|
|
|a text
|b txt
|2 rdacontent
|
| 337 |
|
|
|a unmediated
|b n
|2 rdamedia
|
| 338 |
|
|
|a volume
|b nc
|2 rdacarrier
|
| 490 |
1 |
|
|a Research in brief
|
| 500 |
|
|
|a Caption title.
|
| 500 |
|
|
|a "April 1984"--Leaf [2].
|
| 650 |
|
0 |
|a Education
|z United States
|v Statistics
|x Data processing.
|
| 650 |
|
0 |
|a Information storage and retrieval systems
|x Education.
|
| 610 |
2 |
0 |
|a National Assessment of Educational Progress (Project)
|
| 710 |
2 |
|
|a National Institute of Education (U.S.)
|
| 830 |
|
0 |
|a Research in brief (Washington, D.C.)
|
| 999 |
|
|
|a MARS
|
| 999 |
f |
f |
|s c4d2a5fd-3099-3a22-8299-bf3fcebe3f20
|i 494dba06-5dfa-380a-9586-d46e69da2a8a
|t 0
|
| 952 |
f |
f |
|p normal
|a Texas A&M University
|b College Station
|c Sterling C. Evans Library
|d Evans: US Documents (Annex 5th floor)
|t 0
|e ED 1.322:F 49
|h Superintendent of Documents classification
|i unmediated -- volume
|m A14838102825
|
| 998 |
f |
f |
|a ED 1.322:F 49
|t 0
|l Evans: US Documents (Annex 5th floor)
|